000 00608nam a2200205Ia 4500
003 GCL
008 140319s9999 xx 000 0 ara d
040 _aGCL /
_cGCL
082 0 4 _a711.409
_bا ت
100 1 _aاحمد خالد علام
245 1 0 _aتاريخ تخطيط المدن /
_cاحمد خالد علام
700 1 _aمحمد احمد عبدالله
700 1 _aمصطفى مدحت الدينارى
260 _a[S.N] :
_bمكتبة الانجلوالمصرية ،
_c1993
300 _a\
490 _a
650 0 4 _aالمدن
650 0 4 _aتخطيط المدن
942 _2ddc
_cBK
999 _c35686
_d35686